Negotiating nationalism : nation-building, federalism, and secession in the multinational state (Record no. 19821)

MARC details
000 -LEADER
fixed length control field 00835nam a2200265Ia 4500
008 - FIXED-LENGTH DATA ELEMENTS--GENERAL INFORMATION
fixed length control field 191130s2006##################000#0#eng##
020 ## - INTERNATIONAL STANDARD BOOK NUMBER
International Standard Book Number 9780198293354
022 ## - INTERNATIONAL STANDARD SERIAL NUMBER
International Standard Serial Number 2006284516
040 ## - CATALOGING SOURCE
Original cataloging agency ACL
Transcribing agency ACL
082 ## - DEWEY DECIMAL CLASSIFICATION NUMBER
Classification number 320.54 NOR
100 ## - MAIN ENTRY--PERSONAL NAME
Personal name Norman, W. J
245 ## - TITLE STATEMENT
Title Negotiating nationalism : nation-building, federalism, and secession in the multinational state
Statement of responsibility, etc. Wayne Norman
260 ## - PUBLICATION, DISTRIBUTION, ETC.
Place of publication, distribution, etc. Oxford
Name of publisher, distributor, etc. Oxford University Press
Date of publication, distribution, etc. c2006
300 ## - PHYSICAL DESCRIPTION
Extent xxi, 250 p. ; 24 cm
500 ## - GENERAL NOTE
General note Includes bibliographical references
650 ## - SUBJECT ADDED ENTRY--TOPICAL TERM
Topical term or geographic name entry element Ethnic groups - Political activity
Topical term or geographic name entry element Ethnic relations - Political aspects
Topical term or geographic name entry element Federal government
Topical term or geographic name entry element Nationalism
Topical term or geographic name entry element Nation-building
Topical term or geographic name entry element Secession
990 ## - EQUIVALENCES OR CROSS-REFERENCES [LOCAL, CANADA]
Link information for 9XX fields 612eebb5ac10000c03599cb5a92425fb
991 ## -
-- 177477
Holdings
Withdrawn status Lost status Materials specified (bound volume or other part) Damaged status Not for loan Home library Current library Shelving location Date acquired Total Checkouts Full call number Barcode Date last seen Price effective from Koha item type
    hbk     Anna Centenary Library Anna Centenary Library 3RD FLOOR, B WING 09.10.2020   320.54 NOR 189949 09.10.2020 09.10.2020 English Books

Find us on the map